| 000 | 00537nam a2200229Ia 4500 | ||
|---|---|---|---|
| 003 | 0100 | ||
| 008 | 130303s9999 xx 000 0 und d | ||
| 020 | _a201038110 | ||
| 040 | _cARRUPELIB | ||
| 050 | _aB72.K64 | ||
| 100 | _aKolenda, Konstantin | ||
| 245 | _aPhilosophy's journey | ||
| 245 | _ba historical introduction | ||
| 260 | _aReading Mass. | ||
| 260 | _bAddison-Wesley Pub. Co. | ||
| 260 | _C1974 | ||
| 300 | _axi | ||
| 300 | _b 372p. 25cm | ||
| 650 | _aPHILOSOPHY | ||
| 650 | _bPhilosophy, Ancient | ||
| 942 | 0 | 0 | _02 |
| 999 |
_c15414 _d15414 |
||